00466 2200181 4500001002100000005001500021035002000036245006500056100001200121250000600133300003200139260004500171082000800216084001400224020002200238600001200260990001200272INLIS00000000000336520260211124110 a0010-02260000311 aBUDIDAYA DAN MANFAAT :bBawang, Mentimun dan Pare /cKardono0 aKardono a1 a92 hlm :bs ;c17,5 x 25 cm aJakarta :bPT. Armandelta Selaras,c2010 a630 a630 KAR b a978-979-050-076-1 4aKardono a0750954